Ordenes : ejercicios narrativos 1962-1969 /
Gardado en:
| Autor Principal: | |
|---|---|
| Formato: | Desconocido |
| Idioma: | Spanish |
| Publicado: |
Caracas, Venezuela :
Mone Ávila Editores,
c1970.
|
| Series: | (Colección Donaire)
|
| Materias: | |
| Etiquetas: |
Engadir etiqueta
Sen Etiquetas, Sexa o primeiro en etiquetar este rexistro!
|
MARC
| LEADER | 000000000a22000000004500 | ||
|---|---|---|---|
| 001 | 011730 | ||
| 041 | 0 | |a spa | |
| 082 | 0 | 4 | |a V863.4 |b B193o |
| 100 | 1 | |a Balza, José | |
| 245 | 1 | 0 | |a Ordenes : |b ejercicios narrativos 1962-1969 / |c José Balza. |
| 260 | 1 | |a Caracas, Venezuela : |b Mone Ávila Editores, |c c1970. | |
| 300 | |a 164 páginas | ||
| 490 | 1 | |a (Colección Donaire) | |
| 650 | 4 | |a LITERATURA VENEZOLANA | |
| 650 | 4 | |a PROSA | |
| 500 | |a Colección George Yúdice | ||
| 999 | |c 17764 |d 17764 | ||
| 942 | |c BK |h V863.4 B193o |2 z | ||
